000 00633nam a2200229 i 4500
999 _c1573
_d1573
001 C2-0005372
003 PPAK
005 20190630221834.0
008 970125s1993 nyu|||| ||||| | eeng d
020 _a187396806X
040 _aPPAK
_beng
_cPPAK
_erda
082 0 4 _a741.67
_223
090 0 0 _a741.67
_bART
_dR
245 0 0 _aArt directors club of Europe
264 1 _aNew York :
_bHearst Books International ,
_c1993
300 _a375 pages :
_bcolour illustrations ;
_c30 cm
336 _2rdacontent
_atext
337 _2rdamedia
_aunmediated
338 _2rdacarrier
_avolume
650 1 0 _aAdvertising - Europe
942 _cB
_2ddc